Math Plus: (Record no. 9975)

MARC details
000 -LEADER
fixed length control field 00481nam a22001577a 4500
003 - CONTROL NUMBER IDENTIFIER
control field OSt
005 - DATE AND TIME OF LATEST TRANSACTION
control field 20260428005645.0
008 - FIXED-LENGTH DATA ELEMENTS--GENERAL INFORMATION
fixed length control field 260428b |||||||| |||| 00| 0 eng d
020 ## - INTERNATIONAL STANDARD BOOK NUMBER
International Standard Book Number 978-971-92790-3-7
040 ## - CATALOGING SOURCE
Original cataloging agency DWC-Main lib
Transcribing agency OC
082 ## - DEWEY DECIMAL CLASSIFICATION NUMBER
Classification number Res. 515 T677 2006
100 ## - MAIN ENTRY--PERSONAL NAME
Personal name Tordillo, Jose Arvin S.
245 ## - TITLE STATEMENT
Title Math Plus:
Remainder of title Engineering Mathematics /
Statement of responsibility, etc. Jose Arvin S. Tordillo
260 ## - PUBLICATION, DISTRIBUTION, ETC.
Place of publication, distribution, etc. Cebu City, 6000
Name of publisher, distributor, etc. Tordillo Publishing
Date of publication, distribution, etc. c2006.
942 ## - ADDED ENTRY ELEMENTS (KOHA)
Source of classification or shelving scheme Dewey Decimal Classification
Koha item type Book- Reserved
Call number prefix Res.
Suppress in OPAC No
952 ## - LOCATION AND ITEM INFORMATION (KOHA)
--
Holdings
Withdrawn status Lost status Source of classification or shelving scheme Damaged status Not for loan Home library Current library Shelving location Date acquired Source of acquisition Total Checkouts Full call number Barcode Date last seen Copy number Price effective from Koha item type Uniform Resource Identifier
    Dewey Decimal Classification     College Library College Library Reserved 04/28/2026 School Fund   Res. 515 T677 2006 CL45512 04/28/2026 c1 04/28/2026 BK-0 CIRC